[Event "Belem op 1st"]
[Site "Belem"]
[Date "2024.04.14"]
[Round "6"]
[White "Ikeda, Heitor Walber Perei"]
[Black "Esteves, Elias Milito"]
[Result "0-1"]
[WhiteElo "1800"]
[BlackElo "1800"]
[PlyCount "98"]
[EventDate "2024.04.13"]
[EventType "swiss"]
[EventRounds "6"]
[EventCountry "BRA"]
[SourceTitle "CBM 219 Extra"]
[Source "ChessBase"]
[SourceDate "2024.05.31"]
[SourceVersion "1"]
[SourceVersionDate "2024.05.31"]
[SourceQuality "1"]

1. e4 c5 2. Nf3 d6 3. d4 cxd4 4. Nxd4 Nf6 5. Nc3 a6 6. h3 e5 7. Nf3 Qc7 8. Be2 Be7 9. Bg5 Nbd7 10. Bxf6 Nxf6 11. 0-0 0-0 12. Nh2 b5 13. Rc1 Bb7 14. Bf3 Rac8 15. a3 Rfd8 16. Re1 h6 17. Nd5 Nxd5 18. exd5 f5 19. b3 Bg5 20. Rb1 Qxc2 21. Qxc2 Rxc2 22. Red1 g6 23. Kf1 Rc5 24. g4 e4 25. b4 Rxd5 26. Rxd5 Bxd5 27. Rd1 Bb3 28. Rb1 Bc2 29. Rb2 Bd3+ 30. Be2 Bc1 31. Ra2 Rc8 32. a4 Bxe2+ 33. Kxe2 d5 34. axb5 axb5 35. Nf1 f4 36. f3 exf3+ 37. Kxf3 Rc3+ 38. Kf2 Rb3 39. Rc2 Rb2 40. Rxb2 Bxb2 41. Kf3 g5 42. Nh2 Kf7 43. Ke2 Bc3 44. Kd3 Bxb4 45. Kd4 Ke6 46. Nf3 Kd6 47. Ne5 Bc5+ 48. Kd3 Kxe5 49. Kc3 Ke4 0-1

[Event "Belem op 1st"]
[Site "Belem"]
[Date "2024.04.14"]
[Round "5"]
[White "Rego Filho, Reinaldo De Nazare"]
[Black "Esteves, Elias Milito"]
[Result "1/2-1/2"]
[WhiteElo "1785"]
[BlackElo "1800"]
[PlyCount "83"]
[EventDate "2024.04.13"]
[EventType "swiss"]
[EventRounds "6"]
[EventCountry "BRA"]
[SourceTitle "CBM 219 Extra"]
[Source "ChessBase"]
[SourceDate "2024.05.31"]
[SourceVersion "1"]
[SourceVersionDate "2024.05.31"]
[SourceQuality "1"]

1. e4 c5 2. Nf3 d6 3. d4 cxd4 4. Nxd4 Nf6 5. Nc3 a6 6. a4 e5 7. Nb3 Qc7 8. Be2 Be6 9. 0-0 Nbd7 10. Be3 Be7 11. f4 0-0 12. Nd2 exf4 13. Bxf4 Qb6+ 14. Kh1 Qxb2 15. Nd5 Nxd5 16. exd5 Bxd5 17. Nf3 Bxf3 18. Bxf3 Qb4 19. Bg3 Rab8 20. Re1 Ne5 21. Bxe5 dxe5 22. Rxe5 Rfd8 23. Qe1 Qxe1+ 24. Raxe1 Bf6 25. Rc5 h6 26. a5 b6 27. axb6 Rxb6 28. g3 a5 29. c4 a4 30. Rc7 a3 31. Ra7 Rb3 32. Bd5 g5 33. Bxf7+ Kh8 34. c5 Rc3 35. Re6 Bd4 36. Rxh6+ Kg7 37. Rg6+ Kh8 38. Rxg5 Bxc5 39. Ra4 Rd4 40. Rxc5 Rd1+ 41. Kg2 Rxc5 42. Rxa3 1/2-1/2

[Event "Belem op 1st"]
[Site "Belem"]
[Date "2024.04.13"]
[Round "3"]
[White "Esteves, Elias Milito"]
[Black "Leao, Marco Apolo Santana"]
[Result "1-0"]
[WhiteElo "1800"]
[BlackElo "1800"]
[PlyCount "101"]
[EventDate "2024.04.13"]
[EventType "swiss"]
[EventRounds "6"]
[EventCountry "BRA"]
[SourceTitle "CBM 219 Extra"]
[Source "ChessBase"]
[SourceDate "2024.05.31"]
[SourceVersion "1"]
[SourceVersionDate "2024.05.31"]
[SourceQuality "1"]

1. d4 d5 2. c4 Nf6 3. cxd5 Nxd5 4. e4 Nf6 5. Nc3 g6 6. Nf3 Bg7 7. Bc4 0-0 8. 0-0 Bg4 9. Bf4 c6 10. Qd3 Bxf3 11. gxf3 Nh5 12. Be3 b5 13. Nxb5 cxb5 14. Bd5 Nd7 15. Bxa8 Qxa8 16. Qxb5 Nb6 17. Rac1 Qb8 18. b3 Nf4 19. Qa5 Ne2+ 20. Kg2 Nxc1 21. Rxc1 Nc8 22. d5 h5 23. Rc7 Be5 24. Rd7 Bf4 25. Bxa7 Nxa7 26. Qxa7 Qxa7 27. Rxa7 Bd6 28. a3 Rc8 29. a4 Kg7 30. e5 Bc5 31. Rb7 f6 32. b4 Bd4 33. Rxe7+ Kf8 34. exf6 Bxf6 35. Rb7 Be7 36. a5 Ra8 37. Rb6 Kf7 38. a6 Bxb4 39. Rxb4 Rxa6 40. Rb7+ Kf6 41. Rc7 Rd6 42. Rc6 Ke5 43. Rxd6 Kxd6 44. Kg3 Kxd5 45. Kh4 Ke6 46. Kg5 Kf7 47. f4 Kg7 48. f5 gxf5 49. Kxf5 Kh6 50. f4 Kg7 51. Kg5 1-0